00637nam a2200157 a 450000100100000000500170001000800410002704000250006824500510009324600420014426000690018630000440025571000570029995201060035699900170046200003932620201002031610.0130621s1997 dr 000 0 spa d aDO-SdBNPbspacBNPHU10aMemorias del primer año de gobierno del PLD.14aprimer año construyendo el porvenir aSanto Domingo :,cSecretaría Administrativa de la Presidencia. a446 p. :bil.,gráf., retrs. ;c23 cm.2 aSecretaría Administrativa de la Presidencia965523 00107-18PDaPDbPDcOId2013-06-21iLF1l0o p39326-10r2020-06-25w2020-06-25yLFPDZNo se presta c38816d38816